Las actitudes hacia las matemáticas : (Record no. 181623)
[ view plain ]
| 000 -CABECERA | |
|---|---|
| campo de control de longitud fija | 01885cab a2200301 ab4500 |
| 005 - FECHA Y HORA DE LA ÚLTIMA TRANSACCIÓN | |
| campo de control | 20241004063730.0 |
| 008 - ELEMENTOS DE LONGITUD FIJA--INFORMACIÓN GENERAL | |
| campo de control de longitud fija | 991125c2014 sp fr p o 000 0 spa d |
| 035 ## - NÚMERO DE CONTROL DEL SISTEMA | |
| Número de control de sistema | UPN01000209522 |
| 040 ## - FUENTE DE LA CATALOGACIÓN | |
| Centro catalogador/agencia de origen | MX-MxUPN |
| Lengua de catalogación | spa |
| Centro/agencia transcriptor | MX-MxUPN |
| Normas de descripción | aacr2 |
| 049 ## - COLECCIÓN | |
| Colección | ART-E |
| 100 1# - ASIENTO PRINCIPAL--NOMBRE PERSONAL | |
| Nombre de persona | Palacios, Andrés |
| 100 1# - ASIENTO PRINCIPAL--NOMBRE PERSONAL | |
| Filiación | palacios@psi.uva.es |
| 100 1# - ASIENTO PRINCIPAL--NOMBRE PERSONAL | |
| Nombre de persona | Arias, Víctor |
| 100 1# - ASIENTO PRINCIPAL--NOMBRE PERSONAL | |
| Nombre de persona | Arias, Benito |
| 245 14 - MENCIÓN DE TÍTULO | |
| Título | Las actitudes hacia las matemáticas : |
| Resto del título | construcción y validación de un instrumento para su medida |
| Medio | [recurso electrónico en línea] |
| 506 0# - NOTA DE RESTRICCIONES AL ACCESO | |
| Limitaciones de acceso | Acceso abierto |
| 520 3# - NOTA DE RESUMEN, ETC. | |
| Sumario, etc. | La medida de las actitudes hacia las matemáticas supone un campo de gran valor dentro de lo que conocemos como dominio afectivo matemático por el número de investigaciones y por la amplitud de sus relaciones. No obstante, los instrumentos disponibles en la actualidad para medir estas actitudes están en la mayoría de los casos obsoletos y validados con tamaños muestrales no muy elevados. A partir de una muestra de 4807 alumnos de todos los niveles no universitarios y siguiendo tanto el acercamiento de la Teoría Clásica de los Test como los modelos de ecuaciones estructurales (modelos de medida) y el planteamiento de la Teoría de Respuesta a los Ítems (Modelo de Respuesta Graduada) se presenta un instrumento de medida de las actitudes hacia las matemáticas sólido y robusto y con evidencias contrastadas de validez y fiabilidad. |
| 650 #4 - ASIENTO SECUNDARIO DE MATERIA - TERMINO TEMATICO | |
| Término de materia o nombre geográfico como elemento de entrada | Psicometría |
| 9 (RLIN) | 9969 |
| 653 0# - TERMINO DE INDIZACION - NO CONTROLADO | |
| Término no controlado | Actitudes ante las matemáticas |
| 653 0# - TERMINO DE INDIZACION - NO CONTROLADO | |
| Término no controlado | Análisis factorial confirmatorio |
| 653 0# - TERMINO DE INDIZACION - NO CONTROLADO | |
| Término no controlado | Análisis factorial exploratorio |
| 653 0# - TERMINO DE INDIZACION - NO CONTROLADO | |
| Término no controlado | PSICOMETRIA |
| 773 ## - ENLACE AL DOCUMENTO FUENTE/ENTRADA DE REGISTRO ANFITRIÓN | |
| Parte(s) relacionada(s) | Vol. 19, no. 1 (2014), p, 67-91 |
| Título | Revista de psicodidáctica |
| Número Internacional Normalizado para Publicaciones Seriadas | 2254-4372 |
| 856 4# - LOCALIZACIÓN Y ACCESO ELECTRÓNICOS | |
| Identificador Uniforme del Recurso | <a href="http://www.ehu.eus/ojs/index.php/psicodidactica/article/view/8961/9943">http://www.ehu.eus/ojs/index.php/psicodidactica/article/view/8961/9943</a> |
| 902 ## - ELEMENTOS DE DATOS B LOCAL, LDB (RLIN) | |
| Creó | Leonor Sotres/200223 |
| 905 ## - TIPO DE MATERIAL | |
| Tipo de material | Articulo |
| 942 ## - ELEMENTOS DE PUNTO DE ACCESO ADICIONAL (KOHA) | |
| Tipo de ítem Koha | Artículo Electrónico |
| Estado de retiro | Estado de pérdida | Estado dañado | No para préstamo | Código de colección | Localización permanente | Ubicación/localización actual | Ubicación en estantería | Fecha de adquisición | Total de préstamos | Fecha visto por última vez | Identificador Uniforme del Recurso | Precio válido a partir de | Tipo de ítem Koha |
|---|---|---|---|---|---|---|---|---|---|---|---|---|---|
| Acceso abierto | Bib. Gregorio Torres Quintero | Bib. Gregorio Torres Quintero | En línea | 20/02/2023 | 20/02/2023 | http://www.ehu.eus/ojs/index.php/psicodidactica/article/view/8961/9943 | 20/02/2023 | Artículo Electrónico |
